LEADER 01246nam0-22003971i-450- 001 990005541390203316 005 20051025120000.0 035 $a000554139 035 $aUSA01000554139 035 $a(ALEPH)000554139USA01 035 $a000554139 100 $a20051025d1972-------|0itac50------ba 101 $aita 102 $aIT 105 $a|||| ||||| 200 1 $aCasa: vertenza di massa$estoria di una riforma contrastata$fMichele Achilli$gcon la collaborazione di Giulio Redaelli$gdocumenti raccolti e ordinati a cura di Oreste Lodigiani$gprefazione di Riccardo Lombardi 210 $aPadova$cMarsilio$d1972 215 $a358 p.$d24 cm. 606 $aAbitazioni-Italia$2FI 620 $dPadova 676 $a363.5$v21 700 1$aACHILLI,$bMichele$011477 702 1$aREDAELLI,$bGiulio 702 1$aLODIGIANI,$bOreste 712 $aMarsilio 801 $aIT$bSOL$c20120104 912 $a990005541390203316 950 $aDIP.TO SCIENZE ECONOMICHE - (SA)$dDS 300 363.5 ACH$e1014 DISES 951 $a300 363.5 ACH$b1014 DISES 959 $aBK 969 $aDISES 979 $c20121027$lUSA01$h1533 979 $c20121027$lUSA01$h1613 996 $aCasa: vertenza di massa$91130715 997 $aUNISA NUM $aUSA16496 LEADER 03302oam 2200709 450 001 9910453995903321 005 20200514202323.0 010 $a1-4725-9998-5 010 $a1-282-02469-8 010 $a9786612024696 010 $a0-8264-2594-1 024 7 $a10.5040/9781472599988 035 $a(CKB)1000000000724345 035 $a(EBL)436319 035 $a(OCoLC)319641923 035 $a(SSID)ssj0000141179 035 $a(PQKBManifestationID)11157756 035 $a(PQKBTitleCode)TC0000141179 035 $a(PQKBWorkID)10056959 035 $a(PQKB)11556813 035 $a(MiAaPQ)EBC436319 035 $a(Au-PeEL)EBL436319 035 $a(CaPaEBR)ebr10285172 035 $a(CaONFJC)MIL202469 035 $a(OCoLC)893334090 035 $a(OCoLC)1154914162 035 $a(UtOrBLW)bpp09257609 035 $a(EXLCZ)991000000000724345 100 $a20001128d2000 uy 0 101 0 $aeng 135 $aur|n|---||||| 181 $ctxt 182 $cc 183 $acr 200 10$aDr Johnson's women /$fNorma Clarke 210 1$aLondon ;$aNew York :$cHambledon and London,$d2000. 215 $a1 online resource (281 p.) 300 $aDescription based upon print version of record. 311 $a1-85285-254-2 320 $aIncludes bibliographical references (pages [247]-251) and index. 327 $aContents; Illustrations; Preface; Acknowledgements; 1 At Mrs Garrick's; 2 Elizabeth Carter; 3 Charlotte Lennox; 4 Hester Thrale and Elizabeth Montagu; 5 Hannah More; 6 Fanny Burney; 7 Women and Writing; Notes; Bibliography; Index 330 8 $a"I dined yesterday at Mrs Garrick's with Mrs Carter, Miss Hannah More and Miss Fanny Burney. Three such women are not to found; I know not where I could find a fourth, except Mrs Lennox, who is superiour to them all." --Samuel Johnson Dr. Johnson enjoyed the company of clever women. Dr. Johnson's Women explores his relationship with six remarkable and successful female authors, all of whom he knew well: Elizabeth Carter, Hannah More, Charlotte Lennox, Hester Thrale, Fanny Burney and Elizabeth Montagu. It is also an account of the characters and achievements of these women. It is often assumed that women writers in the eighteenth century suffered the same restrictions and obstacles that confronted their Victorian successors. Norma Clarke shows that this was by no means the case. Highlighting the opportunities available to women with talent in the eighteenth century, Dr. Johnson's Women makes clear just how impressive and varied their achievements were 606 $aAuthors, English$y18th century$vBiography 606 $aWomen and literature$zGreat Britain$xHistory$y18th century 606 $aWomen authors, English$vBiography 606 $aWomen$zGreat Britain$vBiography 606 $2General & world history 607 $aLondon (England)$xIntellectual life$y18th century 615 0$aAuthors, English 615 0$aWomen and literature$xHistory 615 0$aWomen authors, English 615 0$aWomen 676 $a828/.609 676 $aB 700 $aClarke$b Norma$f1948-$0456899 801 0$bUtOrBLW 801 1$bUtOrBLW 801 2$bUkLoBP 906 $aBOOK 912 $a9910453995903321 996 $aDr Johnson's women$92295812 997 $aUNINA LEADER 00964nam a22002651i 4500 001 991003550359707536 005 20030903141316.0 008 031111s1973 gw a||||||||||||||||ger 035 $ab12441855-39ule_inst 035 $aARCHE-047514$9ExL 040 $aDip.to Lingue$bita$cA.t.i. Arché s.c.r.l. Pandora Sicilia s.r.l. 082 04$a832.7 100 1 $aGrabbe, Christian Dietrich$0203613 245 10$aBriefe II :$b1833-1836 /$cChristian Dietrich Grabbe 260 $aEmsdetten :$bLechte,$c1973 300 $a840 p. :$bill. ;$c22 cm 440 0$aWerke und Briefe ;$v6 700 1 $aBergmann, Alfred 710 2 $aAkademie der Wissenschaften 907 $a.b12441855$b02-04-14$c13-11-03 912 $a991003550359707536 945 $aLE012 GRA 6677$cV. 6$g1$i2012000085466$lle012$o-$pE0.00$q-$rl$s- $t0$u0$v0$w0$x0$y.i12868139$z13-11-03 996 $aBriefe II$9166203 997 $aUNISALENTO 998 $ale012$b13-11-03$cm$da $e-$fger$ggw $h0$i1